00838nam a2200241 a 4500001000400000003000800004005001700012008003900029035001400068040003200082041000800114082002500122100003300147245006800180260003900248300002500287504002000312650004000332730005300372942001200425999001300437952014600450567BD-RjUL20211208233212.0890615s1981 ilu 001 0 eng a(BD-RjUL) aDLCcDLCdDLCdBD-RjULbeng aeng00a025.32220bGOC 19811 aGorman, Michael,d1941-918014aThe concise AACR2, 1988 revision /cprepared by Michael Gorman. aNew Delhi :bOxford & IBH,cc.1981 axi, 164 p. ;c23 cm. aIncludes index. 0aDescriptive catalogingxRules.91790 aAnglo-American cataloging rules (2nd ed.9125842 2ddccBK c567d567 00102ddc40708NFICaRUCLbRUCLcStackd1999-06-06eAnkuar Prokashoni.g80.00l0o025.32 GOC 1981r2013-11-18 00:00:00tC-3w2021-12-08yBK